000 00472cam a22001337a 4500
008 180718b1970 xxu||||| |||| 00| 0 eng d
082 _aAA G711
245 _aHuman dignity, this century and the next: an interdisciplinary inquiry into human rights technology war and the ideal society
_cedited by Rubin Gotesky and Ervin Laszlo
260 _aNew York
_bScience Pub.
_c1970
300 _a380p.
650 _aPhilosophy
700 _aLaszlo, Ervin
700 _aGotesky, Rubin
999 _c345886
_d345886